| 000 | 01093nam a22002417a 4500 | ||
|---|---|---|---|
| 005 | 20220420091858.0 | ||
| 008 | 220420s2011 enkab||gr|||| 00| 0 eng d | ||
| 020 | _a9781849711739 | ||
| 040 |
_aCO-BoUCM _bspa _cDeissy Garcia _dDeissy Garcia |
||
| 041 | 0 | _aeng | |
| 245 | 0 | 0 |
_aConserving and valuing ecosystem services and biodiversity _beconomic, institutional and social challenges _cK.N. Ninan ; prólogo Dr Achim Steiner |
| 260 |
_aLondres _bEarthscan _c2011 |
||
| 300 |
_axxix, 402 páginas _bilustraciones, mapas |
||
| 500 | _aBibliografía Básica - Facultad de Ciencias Naturales - Pregrado en Ciencias del Sistema Tierra | ||
| 504 | _aIncluye referencias bibliográficas e índices | ||
| 650 | 7 |
_aConservación de la biodiversidad _xAspectos económicos _9174177 |
|
| 650 | 7 |
_aComunidades bióticas _xAspectos económicos _9174178 |
|
| 650 | 7 |
_aDegradación ambiental _xAspectos económicos _9174179 |
|
| 700 | 1 |
_aNinan, K. N. _9174180 |
|
| 700 | 1 |
_aSteiner, Achim _eprólogo _9174181 |
|
| 942 |
_2DEWEY _a7 _cLIBRO _e1 _h333.9516 _mC755 _n0 |
||
| 999 |
_c320929 _d320929 |
||